000 00306nam a2200109Ia 4500
008 200302s9999 xx 000 0 und d
100 _aChristiane Crasemann Collins
245 _aWerner Hegemann and the Search for Universal Urbanism
260 _bW.W. Norton and Company
260 _c2005
300 _a417 P.,
999 _c5415
_d5415